000 02318nam0a2200397 4500
001 RU\NLR\BIBL_A\016250490
005 20230131135902.0
010 _a978-5-04-172249-4
_93000
021 _aRU
_bКН-П-22-085967
_9КН-П-22-7609
035 _a(NLR Aleph) 016250490
035 _a(RuMoRGB)011435390
090 _a12825685
_c12825685
100 _a20221228d2023 d y0rusy50 ca
101 0 _arus
102 _aRU
105 _aa z 000zy
181 0 _ab3
_bxb2e
181 0 _ai2
_baxxe
182 0 _an
200 1 _aНастольная книга новогоднего настроения
_e[подарки, поделки, украшения
_eболее 15 поделок
_eдля среднего школьного возраста]
_fавтор-составитель: Кира Малецкая
203 _aИзображение
_aТекст
_bвизуальные
_cнепосредственные
210 _aМосква
_cЭксмо
_c#Эксмодетство
_d2023 [т. е. 2022]
215 _a79 с.
_cцв. ил.
_d25
225 1 _aСерия "Новогодние поделки"
300 _aКн. фактически издана в 2022 г.
330 _aНовый год - пора тепла и уюта. И вдвойне приятнее, когда этот праздник украсит декор и подарки, сделанные своими руками. С этой чудесной книгой можно смастерить чудесные украшения на елку, теплую и ароматную свечу для настроения, упаковку, с которой ваши подарки будут неповторимыми, милые открытки и многое другое
333 _a6+
606 1 _aНовогодние поделки
_xИзготовление
_jИздания для детей
_2nlr_sh2
_3RU\NLR\AUTH\661584922
606 1 _aИгрушки елочные самодельные
_jИздания для детей
_2nlr_sh1
_2nlr_sh2
_3RU\NLR\AUTH\66459175
686 0 _aШ993
702 1 _aМалецкая
_bК. Е.
_gКира Е.
_4220
942 _cBOOK
980 _aNB